000
00197nam a22000857a 4500
001
1238824
005
20251006123408.0
245
_a
ALLAH DE ÖTESİNİ BIRAK
_c
UĞUR KOŞAR
260
_b
DESTEK YAYINLARI
999
_c
1238824
_d
1238824